Quiz o sieci sklepów Biedronka - Statystyki

Ogólne statystyki
  • Ten quiz został rozwiązany 15 razy
  • Średni wynik to 7 z 14
Statystyki odpowiedzi
Wskazówka Odpowiedź % Poprawnych
Państwo z którego pochodzi to przedsiębiorstwo Portugalia
93%
Największy konkurent Lidl
79%
Motto Biedronki Codziennie niskie ceny
71%
Nazwa karty sklepów Biedronka {Moja} Biedronka
71%
Nazwa maskotek Biedronki w 2016 i 2017 roku Gang {Świeżaków}
64%
Nazwa maskotek Biedronki obecnie Gang {Biedroniaków}
57%
Rok założenia Biedronki 1995
50%
Obecny właściciel sklepów Biedronka Jerónimo Martins
50%
Siedziba tego przedsiębiorstwa w Polsce Kostrzyn
50%
Państwo do którego Biedronka wkroczyła w 2025 roku Słowacja
43%
Liczba sklepów Biedronka 3800
21%
Założyciel Biedronki Mateusz Świtalski
14%
Miasto w którym znajdował się pierwszy sklep Śrem
14%
Nazwa marki usług telefonii komórkowej Biedronki tuBiedronka
14%
Nie znaleziono quizów pasujących do podanych kryteriów
Rozkład punktacji
Procent ludzi z każdym wynikiem
Percentyl według liczby udzielonych odpowiedzi
Twoja historia wyników
Nie rozwiązałeś tego quizu